| 000 | 01440nam a2200289 i 4500 | ||
|---|---|---|---|
| 001 | 000027692 | ||
| 003 | DO-SdBNP | ||
| 005 | 20241127104412.0 | ||
| 007 | ta | ||
| 008 | 110404s1943 dr g n 000 0bspa d | ||
| 040 |
_aDO-SdBNP _bspa _cBNPHU _erda |
||
| 041 | _hspa | ||
| 082 | 4 |
_a923.17293 _bH549B _222 |
|
| 100 | 1 |
_aBlanco Fombona, Horacio, _d1989-1948 _eautor _4aut. _954773 |
|
| 245 | 1 | 3 |
_aEl tirano Ulises Heureaux, o, Veinte años de historia tenebrosa de América / _cHoracio Blanco Fombona. |
| 264 | 1 |
_aCiudad Trujillo, República Dominicana : _bEditora Montalvo, _c1943. |
|
| 300 |
_a113 páginas ; _c23 cm. |
||
| 336 |
_atexto _btxt _2rdacontent |
||
| 337 |
_asin mediación _bn _2rdamedia |
||
| 338 |
_avolumen _bnc _2rdacarrier |
||
| 505 | 0 |
_aLiminar -- _tInfancia y adolescencia del tirano -- _tEl oficial luperonista -- _tEn la primera magistratura -- _tLos fusilamientos -- _tAnécdotas que lo revelan -- _tLilís y la independencia de Cuba -- _tRetrato de Lilís -- _tEl aventurero financista en la política hispanoamericana -- _tCarta de amor de Lilís a una dama francesa -- _tLa muerte del tirano -- _tOrígenes del código de la muerte -- _tEl Código de la Muerte. |
|
| 590 | _aInventariado, 2023/BT | ||
| 600 | 1 | 4 |
_aHeureaux, Ulises, _d1846-1899 _xAnécdotas, chistes, sátiras, etc _977380 |
| 651 | 0 |
_aRepública Dominicana -- _xHistoria -- _y1844-1930 _91009 |
|
| 910 | _aValidado. Control de calidad EMS | ||
| 942 |
_2ddc _cLBS1 |
||
| 999 |
_c27184 _d27184 |
||